000
00330 a2200157 4500
001
179933
020
_a
040
_c
Magnum
100
_a
Bandeira, Pedro
240
1
0
_a
Pequeno pode tudo
_l
por
245
1
0
_a
Pequeno pode tudo
362
0
_a
1899
440
1
_a
Moderna
697
_a
MAGNITO: I/LENDAS, FOLCLORE
942
_c
BK
999
_c
179933
_d
179933